00447nam a22001217a 4500082000900000100002000009245021400029260000900243300001300252526001800265650001100283700003100294 aT-70 aMuhammad Salman aAn experimental laboratory study to evaluate the performance of asphalt concrete mix design using bottom ash and blast furnace slag as partial replacement of fine aggregate at high tempraturescMuhammad Salman c1997 a195 P, : a0b0c0dT_70 aThesis aCol Dr Shamshad Ahmad Khan